Five Most Guessed Cities by Continent - Statistics

General Stats
  • This quiz has been taken 112,569 times
    83,701 since last reset
  • The average score is 23 of 30
Answer Stats
Continent % Guessed City % Correct
North America 96 New York City
98%
Europe 98 Paris
97%
Europe 98 London
96%
North America 92 Los Angeles
93%
Asia 98 Tokyo
92%
Europe 95 Berlin
90%
Oceania 99 Sydney
90%
South America 85 Rio de Janeiro
88%
Asia 94 Beijing
87%
Europe 95 Madrid
87%
Africa 98 Cairo
83%
Europe 94 Moscow
82%
North America 87 Mexico City
81%
South America 79 Buenos Aires
78%
North America 84 Chicago
75%
Oceania 97 Melbourne
74%
Africa 92 Cape Town
70%
Asia 92 Delhi
70%
North America 80 Miami
68%
South America 78 São Paulo
68%
South America 73 Lima
67%
Asia 91 Shanghai
67%
Africa 95 Johannesburg
66%
Oceania 95 Wellington
66%
South America 72 Bogotá
64%
Oceania 96 Perth
63%
Oceania 95 Auckland
61%
Africa 92 Lagos
57%
Asia 87 Mumbai
52%
Africa 86 Nairobi
47%
No matching quizzes found
Score Distribution
Percent of People with Each Score
Percentile by Number Answered
Your Score History
You have not taken this quiz since the last reset